Vyplnenie daňového priznania k dani z príjmov právnických osôb za rok 2003 (komplexný príklad)

Komplexný príklad daňového priznania právnických osôb za rok 2003. Vyplnenie formulárov.

Saved in:
Bibliographic Details
Main Author: Harumová, Anna, 1955-
Format: Book Chapter
Language:Slovak
Subjects:
Tags: Add Tag
No Tags, Be the first to tag this record!

MARC

LEADER 00000naa$a2200000$$$4500
001 0005152
005 20240502071348.6
041 0 |a slo 
044 |a SK 
245 1 0 |a Vyplnenie daňového priznania k dani z príjmov právnických osôb za rok 2003 (komplexný príklad)  |c aut. Anna Harumová 
520 |a Komplexný príklad daňového priznania právnických osôb za rok 2003. Vyplnenie formulárov. 
610 2 0 |a dane 
610 2 0 |a dane z príjmov 
610 2 0 |a priznania daňové 
610 2 0 |a osoby právnické 
610 2 0 |a formuláre 
610 2 0 |a 2003 
100 1 |a Harumová, Anna, 1955-